| 000 | 00620nam a2200205Ia 4500 | ||
|---|---|---|---|
| 005 | 20250508165229.0 | ||
| 008 | 008 250505s9999 xx 000 0 hin d | ||
| 020 | _a978-1-107-40019-1 | ||
| 037 | _aTextBook | ||
| 040 |
_aFEDL _beng _cFEDL |
||
| 041 |
_ahin _2eng |
||
| 084 |
_a370.193, KRI/R _qFEDL |
||
| 100 | _akrishan Kumar | ||
| 245 | 0 | _aMera desh, tumhara desh: Bharat aur Pakistan ke schooli itihason mein swadheenta sanghresh | |
| 260 |
_aNew Delhi, India _bRajkamal Prakashan _c2007 |
||
| 300 | _a237p. | ||
| 365 |
_aINR _b300 |
||
| 942 |
_cTB _h370.193, KRI/R |
||
| 999 |
_c1393954 _d1393954 |
||